000 00898nam a22002417a 4500
005 20100723163741.0
010 _aENG-96664
020 _a9788124604885
_c160.00
020 _a8124604886
_c160.00
035 _aEN-80197
037 _bDBAD/PUB
082 _a810.8
100 _aGhani, Shaik Abdul
245 _aSanskrit literature renderd into Urdu /
_cby Shaik Abdul Ghani
260 _aHyaderabad
_bSanskrit Academy Osmania University
_c2009
260 _aNew Delhi
_bD. K. Printworld (P)
_c2009
270 _aOsmnia University
_bHYDRABAD
_e500007
270 _asRIKUNJ, f-52, Bali Nagar
_bNew Delhi
_e110015
300 _a110 p.
_c24cm (pbk)
500 _aIncludes bibliographical references and index
942 _2ddc
_cEN
_h810.8
_mGHA
999 _c37470
_d37470